000 00789nam a2200253Ia 4500
003 OSt
005 20220926030059.0
006 a|||||r|||| 00| 0
007 ta
008 220923b |||||||| |||| 00| 0 eng d
037 _cGeneral Book
040 _aRTL
_cRTL
_beng
041 _2eng
_aeng
082 _aY:3(P), M0
100 _aGill Harjeet Singh
_965615
245 0 _aSemiotics of conceptual structures
260 _aPatiala
_bDepartment of Anthropological Linguistics
_c1980
300 _a107-195p
_ccm.
490 _aPunjabi University, Anthropological Linguistics (Deptt of-) Publication
500 _aBibliography P 194-95
650 _aSociology of Language
_9231513
942 _hY:3(P), M0
_cGB
_2CC
999 _c648649
_d648649